000 00580nam a2200229Ia 4500
003 OSt
005 20220923230209.0
006 a|||||r|||| 00| 0
007 ta
008 Pun
024 _a278,264
037 _cTextual
040 _aARTS
_cARTS
_bPun
041 _2Pun
_aPun
082 _aO153,1K33x, J4
100 _aਸਿੰਘ, ਗੰਗਾ
245 0 _aਪ੍ਰੀਤਿ ਰੀਤਿ
260 _c1954
650 _aਪੰਜਾਬੀ ਸਾਹਿਤ
942 _hO153,1K33x, J4
_cTEXL
_2CC
999 _c383193
_d383193